000 00915cam a2200229 4500
001 WB3725-17
008 000000n2001 000 0 eng u
035 _a(Sirsi) u113269
245 _aWest End drops
260 _c2001
490 _aFinancial Times
_v25 June 2001, 4(1)
520 _aAccording to Donaldson's annual ranking of shopping locations the West End of London has dropped out of the top 10 list with high rents putting retailers off. Manchester has also suffered from limited rental growth, although Liverpool's retail market has experienced rental growth twice the national average.
590 _aWB
650 _aLIVERPOOL
650 _aMANCHESTER
650 _aRENTAL LEVELS
650 _aPROPERTY-COMMERCIAL PROPERTY-RETAIL PROPERTY-RETAIL PROPERTY MARKET
650 _aLONDON
650 _aWEST END OF LONDON
690 _aPROPERTY-COMMERCIAL PROPERTY-RETAIL PROPERTY
942 _n0
999 _c67470
_d67470